• 首页
  • 本馆介绍
  • 公告通知
  • 最新文献
  • 馆藏检索
  • 电子资源
  • 读者导购
  • 参考咨询
  • 我的图书馆
  • 登录
  • 详细信息显示
  • 放入我的书架
  • 预约/预借图书
  • 作者相关作品
  • 分类相关作品
  • 丛书相关作品
  • 出版社相关作品

书目信息

  • 表格格式
  • 工作单格式
  • 卡片格式
题名:
技术经济范式协同转变与战略性新兴产业发展
    
 
作者: 吕铁, , 贺俊 , 李晓华, 著
分册:  
出版信息: 北京   中国社会科学出版社  2014.04
页数: 282页, [1] 叶图版
开本: 25cm
丛书名: 国家哲学社会科学成果文库
单 册:
中图分类: F269.2
科图分类:
主题词: 产业发展--chan ye fa zhan--研究--中国
电子资源:
ISBN: 978-7-5161-3898-4
000 01346nam 2200301 450
001 232209826
005 20231127003700.04
010    @a978-7-5161-3898-4@b精装@dCNY56.00
100    @a20140628d2014 em y0chiy50 ea
101 0  @achi@eeng
102    @aCN@b110000
105    @aacfka 000yy
200 1  @a技术经济范式协同转变与战略性新兴产业发展@Aji shu jing ji fan shi xie tong zhuan bian yu zhan lue xing xin xing chan ye fa zhan@f吕铁, 贺俊, 李晓华著
210    @a北京@c中国社会科学出版社@d2014.04
215    @a282页, [1] 叶图版@c图, 肖像@d25cm
225 2  @a国家哲学社会科学成果文库@Aguo jia zhe xue she hui ke xue cheng guo wen ku@e2013
312    @a英文题名取自封底
320    @a有书目 (第257-279页)
330    @a本书共分11章, 内容包括战略性新兴产业: 从政策概念到理论问题 ; 战略性新兴产业与经济增长过程中的要素结构特征 ; 战略性新兴产业的产业生态系统 ; 技术范式与战略性新兴产业的技术演进路径等。
410  0 @12001 @a国家哲学社会科学成果文库 (2013)
510 1  @aTechno-economic paradigm shift and the development of China's strategic emerging industries@zeng
606 0  @a产业发展@Achan ye fa zhan@x研究@y中国
690    @aF269.2@v5
701  0 @a吕铁,@Alu^ tie@f1962-@4著
701  0 @a贺俊@Ahe jun@c(企业管理)@4著
701  0 @a李晓华,@Ali xiao hua@f1975-@4著
801  0 @aCN@b人天书店@c20140628
905    @aBZT@dF269.2@e11
    
    技术经济范式协同转变与战略性新兴产业发展/吕铁, 贺俊, 李晓华著.-北京:中国社会科学出版社,2014.04
    282页, [1] 叶图版:图, 肖像;25cm.-(国家哲学社会科学成果文库:2013)
    
    
    ISBN 978-7-5161-3898-4(精装):CNY56.00
    本书共分11章, 内容包括战略性新兴产业: 从政策概念到理论问题 ; 战略性新兴产业与经济增长过程中的要素结构特征 ; 战略性新兴产业的产业生态系统 ; 技术范式与战略性新兴产业的技术演进路径等。
●
相关链接 在五车中查询图书 在当当中查询图书 在豆瓣中查询图书


正题名:技术经济范式协同转变与战略性新兴产业发展     索取号:F269.2/11         预约/预借

序号 登录号 条形码 馆藏地/架位号 状态 备注
1 2001122948   2001122948   东辅楼二楼书库/ [索取号:F269.2/11] 在馆    
2 2001122949   2001122949   东辅楼二楼书库/ [索取号:F269.2/11] 在馆    
3 2001122950   2001122950   东辅楼二楼书库/ [索取号:F269.2/11] 在馆    
4 2001122951   2001122951   东辅楼二楼书库/ [索取号:F269.2/11] 在馆    
5 2001122952   2001122952   东辅楼二楼书库/ [索取号:F269.2/11] 在馆    
6 2001122953   2001122953   东辅楼二楼书库/ [索取号:F269.2/11] 在馆    
7 2001122954   2001122954   东辅楼二楼书库/ [索取号:F269.2/11] 在馆    
8 2001122955   2001122955   东辅楼二楼书库/ [索取号:F269.2/11] 在馆    
9 2001122956   2001122956   东辅楼二楼书库/ [索取号:F269.2/11] 在馆    
10 2001122957   2001122957   东辅楼二楼书库/ [索取号:F269.2/11] 在馆    
11 2001122958   2001122958   东辅楼二楼书库/ [索取号:F269.2/11] 在馆    
12 2001122959   2001122959   东辅楼二楼书库/ [索取号:F269.2/11] 在馆    
13 2001122960   2001122960   东辅楼二楼书库/ [索取号:F269.2/11] 在馆    
14 2001122961   2001122961   东辅楼二楼书库/ [索取号:F269.2/11] 在馆    
15 2001122962   2001122962   东辅楼二楼书库/ [索取号:F269.2/11] 在馆    
16 2001122963   2001122963   东辅楼二楼书库/ [索取号:F269.2/11] 在馆    
17 2001122964   2001122964   东辅楼二楼书库/ [索取号:F269.2/11] 在馆    
18 2001122965   2001122965   东辅楼二楼书库/ [索取号:F269.2/11] 在馆    
19 2001122966   2001122966   东辅楼二楼书库/ [索取号:F269.2/11] 在馆    
20 2001122967   2001122967   东辅楼二楼书库/ [索取号:F269.2/11] 在馆    
21 2001122968   2001122968   东辅楼二楼书库/ [索取号:F269.2/11] 在馆    
22 2001122969   2001122969   东辅楼二楼书库/ [索取号:F269.2/11] 在馆    
23 2001122970   2001122970   东辅楼二楼书库/ [索取号:F269.2/11] 在馆    
24 2001122971   2001122971   东辅楼二楼书库/ [索取号:F269.2/11] 在馆    
25 2001122972   2001122972   东辅楼二楼书库/ [索取号:F269.2/11] 在馆    
26 2001122973   2001122973   东辅楼二楼书库/ [索取号:F269.2/11] 在馆    
27 2001122974   2001122974   东辅楼二楼书库/ [索取号:F269.2/11] 在馆    
28 2001122975   2001122975   东辅楼二楼书库/ [索取号:F269.2/11] 在馆    
29 2001122976   2001122976   东辅楼二楼书库/ [索取号:F269.2/11] 在馆    
30 2001122977   2001122977   东辅楼二楼书库/ [索取号:F269.2/11] 在馆    
山东省滨州职业学院图书馆 欢迎您!
大连网信软件有限公司© 版权所有